Мальви (Запис № 371291)

МАРК-запис
000 -Лідер
fixed length control field 00710nam a22002417a 4500
001 - Контрольний номер
control field 84976
003 - Ідентифікатор контрольного номера
control field UA-OsUOA
005 - Дата та час останнього входження (трансакції)
control field 20260402162907.0
007 - Фіксоване поле фізичного опису
fixed length control field ta
008 - Елементи даних фіксованої довжини – загальна інформація
fixed length control field 20120613b un ||||| |||| 00| 0 ukr d
040 ## - Джерело каталогізації
Агенція оригінальної каталогізації UA-OsUOA
Мова каталогізації ukr
Агенція, яка здійснювала перезапис UA-OsUOA
Агенція, яка здійснювала модифікацію UA-OsUOA
041 ## - Код мови
Код мови тексту/ звукової доріжки чи окремого заголовка (П) ukr
080 ## - Індекс Універсальної десяткової класифікації
Індекс Універсальної десяткової класифікації (УДК) (НП) 821.161.2
090 ## - Локальний шифр розміщення
Класифікаційний індекс УДК 821.161.2
Авторський знак (НП) І-23
100 ## - Основне введення – ім’я особи
Ім’я особи (НП) Іваничук Р.
9 (RLIN) 24755
245 ## - Відомості про назву
Назва (НП) Мальви
Решта назви (НП) історичний роман
Дані про відповідальність (НП) Р. Іваничук
260 ## - Публікація, розповсюдження і т.п. (Вихідні дані)
Місце публікації, розповсюдження і т.п. (П) Вінніпег
Дата публікації, розповсюдження і т.п. (П) 1969
300 ## - Фізичний опис
Обсяг 243 с.
650 #7 - Додаткове предметне введення – тематичний термін
Тематичний термін чи географічна назва, як елемент введення (НП) 82 Література. Літературознавство
Джерело заголовка чи терміна UDC
9 (RLIN) 15
942 ## - Додаткові елементи входу (Коха)
Тип елемента Koha Книги
Source of classification or shelving scheme Universal Decimal Classification
955 ## - Код типу видання за змістом
Код типу видання за змістом (НП) Літературно-художні видання
Фонди
Стан вилучень Стан втрат Джерело класифікації або схеми стелажів Стан уражень Не для кредиту Код колекції Постійне місце розташування Поточне розміщення Дата придбання Джерело придбання Вартість, звичайна ціна покупки Інвентарний номер Усього замовленно Повний номер виклику Штрих-код Дата останнього перегляду Ціна ефективна від Тип елемента Koha Вартість, ціна заміни Примітка, призначена для загального доступу
Withdrawn   Universal Decimal Classification     Колекція бібліотеки інституту Св. Івана АБ - Абонемент НБ АБ - Абонемент НБ 13/06/2012 48/2012 5.00 139290   821.161.2 І-23 139290 13/07/2019 13/06/2012 Книги    
Withdrawn   Universal Decimal Classification   Not For Loan   АБ - Абонемент НБ АБ - Абонемент НБ 04/06/2013     26489   821.161.2 І-23 26489 13/07/2019 13/06/2012 Книги    
    Universal Decimal Classification       Наукова бібліотека ІДУД Наукова бібліотека ІДУД 30/03/2026 №3/26.03.2026 (ІДУД) 1.00 300478   82-31 І-19 300478 30/03/2026 30/03/2026 Книги 1.00 Книгу отримано в дар від Романа Єринюка